Introduction to the microcomputer and its applications : (Record no. 193289)
[ view plain ]
| 000 -LEADER | |
|---|---|
| fixed length control field | 00504 a2200157 4500 |
| 003 - CONTROL NUMBER IDENTIFIER | |
| control field | Nust |
| 005 - DATE AND TIME OF LATEST TRANSACTION | |
| control field | 20220722181930.0 |
| 040 ## - CATALOGING SOURCE | |
| Transcribing agency | Nust |
| 082 ## - DEWEY DECIMAL CLASSIFICATION NUMBER | |
| Classification number | 004.16,CHI |
| 100 ## - MAIN ENTRY--PERSONAL NAME | |
| Personal name | Chien, Chao C. |
| 9 (RLIN) | 60844 |
| 245 ## - TITLE STATEMENT | |
| Title | Introduction to the microcomputer and its applications : |
| Remainder of title | PC-DOS, wordstar, lotus and dbase / |
| Statement of responsibility, etc. | Chao C. Chien |
| 260 ## - PUBLICATION, DISTRIBUTION, ETC. | |
| Place of publication, distribution, etc. | New Delhi |
| Name of publisher, distributor, etc. | Galgotia |
| Date of publication, distribution, etc. | 1989 |
| 300 ## - PHYSICAL DESCRIPTION | |
| Extent | 462 p.: |
| 505 ## - FORMATTED CONTENTS NOTE | |
| Formatted contents note | PART-1: Computer Fundamentals (Page-1) PART-2: Applications (Page-43). |
| 942 ## - ADDED ENTRY ELEMENTS (KOHA) | |
| Source of classification or shelving scheme | |
| Koha item type | Book |
| Call number prefix | 004.16,CHI |
| Withdrawn status | Lost status | Source of classification or shelving scheme | Damaged status | Not for loan | Permanent Location | Current Location | Date acquired | Full call number | Barcode | Date last seen | Price effective from | Koha item type | Public note |
|---|---|---|---|---|---|---|---|---|---|---|---|---|---|
| Military College of Signals (MCS) | Military College of Signals (MCS) | 12/12/2016 | 004.16,CHI | MCS3484 | 12/08/2016 | 12/12/2016 | Book | Almirah No.1, Shelf No.6 |
